Аналитический расчёт трещиностойкости материалов по данным испытаний малоразмерных образцов с шевронным надрезом; Перспективы развития фундаментальных наук; Т. 1 : Физика

Manylion Llyfryddiaeth
Parent link:Перспективы развития фундаментальных наук=Prospects of Fundamental Sciences Development: сборник научных трудов XV Международной конференции студентов, аспирантов и молодых ученых, г. Томск, 24-27 апреля 2018 г./ Национальный исследовательский Томский политехнический университет (ТПУ) ; под ред. И. А. Курзиной, Г. А. Вороновой.— , 2018
Т. 1 : Физика.— 2018.— [С. 72-74]
Prif Awdur: Богданов А. А.
Awduron Corfforaethol: Национальный исследовательский Томский политехнический университет (ТПУ), Российская академия наук (РАН) Сибирское отделение (СО) Институт физики прочности и материаловедения (ИФПМ)
Awduron Eraill: Дерюгин Е. Е. (научный руководитель)
Crynodeb:Заглавие с экрана
On the example of technical titanium VT1-0, a new technique for determining the crack resistance of materials is described in the data of tests of small-sized samples with a chevron notch. The problem of displacement the points of application of the part load due to the variation in the compliance of the sample during the propagation of a crack is solved. Equations for the calculation of the specific fracture energy from the experimental data of small-sized samples with a chevron notch are obtained.
Iaith:Rwseg
Cyhoeddwyd: 2018
Pynciau:
Mynediad Ar-lein:http://earchive.tpu.ru/handle/11683/50862
Fformat: Electronig Pennod Llyfr
KOHA link:https://koha.lib.tpu.ru/cgi-bin/koha/opac-detail.pl?biblionumber=627376

MARC

LEADER 00000naa2a2200000 4500
001 627376
005 20231101133446.0
035 |a (RuTPU)RU\TPU\conf\27167 
035 |a RU\TPU\conf\27166 
090 |a 627376 
100 |a 20180904d2018 k y0rusy50 ca 
101 0 |a rus  |d eng 
102 |a RU 
105 |a y z 100zy 
135 |a drgn ---uucaa 
181 0 |a i  
182 0 |a b 
200 1 |a Аналитический расчёт трещиностойкости материалов по данным испытаний малоразмерных образцов с шевронным надрезом  |d Analytical calculation of fracture toughness of materials on tests of small-sized samples with a chevron notch  |f А. А. Богданов  |g науч. рук. Е. Е. Дерюгин 
203 |a Текст  |c электронный 
230 |a 1 компьютерный файл (pdf; 249 Kb) 
300 |a Заглавие с экрана 
320 |a [Библиогр.: с. 74 (5 назв.)] 
330 |a On the example of technical titanium VT1-0, a new technique for determining the crack resistance of materials is described in the data of tests of small-sized samples with a chevron notch. The problem of displacement the points of application of the part load due to the variation in the compliance of the sample during the propagation of a crack is solved. Equations for the calculation of the specific fracture energy from the experimental data of small-sized samples with a chevron notch are obtained. 
461 1 |0 (RuTPU)RU\TPU\conf\26928  |t Перспективы развития фундаментальных наук  |l Prospects of Fundamental Sciences Development  |o сборник научных трудов XV Международной конференции студентов, аспирантов и молодых ученых, г. Томск, 24-27 апреля 2018 г.  |o в 7 т.  |f Национальный исследовательский Томский политехнический университет (ТПУ) ; под ред. И. А. Курзиной, Г. А. Вороновой  |d 2018 
463 1 |0 (RuTPU)RU\TPU\conf\26929  |t Т. 1 : Физика  |v [С. 72-74]  |d 2018 
510 1 |a Analytical calculation of fracture toughness of materials on tests of small-sized samples with a chevron notch  |z eng 
610 1 |a электронный ресурс 
610 1 |a труды учёных ТПУ 
610 1 |a аналитические расчеты 
610 1 |a трещиностойкость 
610 1 |a шевронные надрезы 
610 1 |a образцы 
610 1 |a технический титан 
610 1 |a удельная энергия 
700 1 |a Богданов  |b А. А. 
702 1 |a Дерюгин  |b Е. Е.  |4 727 
712 0 2 |a Национальный исследовательский Томский политехнический университет (ТПУ)  |c (2009- )  |2 stltpush  |3 (RuTPU)RU\TPU\col\15902 
712 0 2 |a Российская академия наук (РАН)  |b Сибирское отделение (СО)  |b Институт физики прочности и материаловедения (ИФПМ)  |c (Томск)  |2 stltpush  |3 (RuTPU)RU\TPU\col\265 
801 2 |a RU  |b 63413507  |c 20181004  |g RCR 
856 4 |u http://earchive.tpu.ru/handle/11683/50862 
942 |c BK